Asian Geography by Letter - Y - Statistics

General Stats
  • This quiz has been taken 95 times
    94 since last reset
  • The average score is 11 of 20
Answer Stats
Hint Answer % Correct
Currency of Japan yen
100%
Country on the southern end of the Arabian Peninsula Yemen
97%
Capital of Armenia Yerevan
95%
Long-haired species of cattle native to the Himalayas yak
93%
River in China that is the longest in Asia Yangtze
89%
Second-largest city in Japan Yokohama
88%
Second-longest river in China and Asia Yellow
84%
Portable, round tent common in Mongolia and Central Asia yurt
79%
Largest city in Myanmar Yangon
77%
Group of spiritual, mental, and physical practices originating from ancient India yoga
73%
Fourth-largest city in Russia - very close to the Ural Mountains Yekaterinburg
68%
Chinese philosophical concept of two opposite but interconnected forces yin and yang
61%
Capital and largest city of Russia's Sakha Republic Yakutsk
37%
River in Mongolia and Russia that is the longest to drain into the Arctic Ocean Yenisey
37%
Autonomous region of Indonesia ruled by a sultan Yogyakarta
23%
Kurdish-speaking ethnoreligious group Yazidis
17%
Province in central Iran and its capital Yazd
11%
City of over 2 million in the Chinese province of Guangdong Yunfu
4%
Deepest canyon in the world; located in Tibet Yarlung Tsangpo Grand Canyon
1%
Province of the Achaemenid Persian Empire in Judea Yehud
1%
No matching quizzes found
Score Distribution
Percent of People with Each Score
Percentile by Number Answered
Your Score History
You have not taken this quiz since the last reset